| 000 | 00731nmm a2200277 a 4500 | ||
|---|---|---|---|
| 003 | AR-BaBNM | ||
| 005 | 20251128203452.0 | ||
| 008 | 080020s1978 ||||||||||||||000 | spa|| | ||
| 040 | _cAR-BaBNM | ||
| 100 | 1 | _aOrtiz, Ricardo M. | |
| 245 | 1 | 0 | _aHistoria económica de la Argentina |
| 250 | _a5ª ed. | ||
| 260 |
_aBuenos Aires _bPlus Ultra _c1978 |
||
| 300 | 0 |
_a715 p. _btablas |
|
| 500 | 0 | _aContiene referencias bibliográficas | |
| 650 | 4 | _aHISTORIA ECONOMICA | |
| 650 | 4 | _aSIGLO DIECINUEVE | |
| 650 | 4 | _aINDUSTRIALIZACION | |
| 650 | 4 | _aPOBLACION URBANA | |
| 650 | 4 | _aPOBLACION RURAL | |
| 650 | 4 | _aCOLONIZACION RURAL | |
| 650 | 4 | _aDESARROLLO INDUSTRIAL | |
| 651 | 4 | _aArgentina | |
| 942 | _cBK | ||
| 998 | _cMariana | ||
| 999 |
_c3526 _d3526 |
||